000
00218 a2200097 4500
001
42191
100
_a
Webster A M W
245
_a
New Practical Dictionary
260
_a
_b
G & C Merriam Co.
_c
090
_c
26177
_d
26177
942
_a
NUST-CAE
_c
M
_c
17977
999
_c
277264
_d
277264